Marketing destinácie cestovného ruchu na príklade prímorských kúpeľov Grömitz diplomová práca

Salvato in:
Dettagli Bibliografici
Autore principale: Rusnáková, Eva
Ente Autore: Obchodná fakulta EU. Katedra služieb a cestovného ruchu - zrušené
Altri autori: Litomerický, Juraj
Natura: Libro
Lingua:slovacco
Pubblicazione: Bratislava 2008
Tags: Aggiungi Tag
Nessun Tag, puoi essere il primo ad aggiungerne!!

MARC

LEADER 00000nam$a2200000$$$4500
001 0088015
005 20240201115504.5
041 0 |a slo 
044 |a SK 
245 1 0 |a Marketing destinácie cestovného ruchu na príklade prímorských kúpeľov Grömitz  |b diplomová práca  |c Eva Rusnáková ; škol. Juraj Litomerický 
264 1 |a Bratislava  |c 2008 
300 |a 95 s. 
100 1 |a Rusnáková, Eva 
700 1 |a Litomerický, Juraj 
710 2 |a Obchodná fakulta EU. Katedra služieb a cestovného ruchu - zrušené